000 00573nam a22001937a 4500
005 20170905140642.0
010 _aENG-120225
020 _c350.00
035 _aEN-103757
037 _bDBAD/PUB
082 _a301.153
100 _aRamamurthy,V.
245 _aFrom the pages of the Hindu Mahatma Gandhi :
_cby V. Ramamurthy
_bthe last 200 days /
260 _aChennai
_bKasturi & Sons
_c2017
270 _a859-860,Anna Salai
_bChennai
_e600002
300 _axviii,530p.
_c24cm.(pbk)
500 _aIncludes index
942 _2ddc
_cEN
_h301.153
_mRAM
999 _c144042
_d144042